| 000 | 00603nam a22001937a 4500 | ||
|---|---|---|---|
| 005 | 20240228102750.0 | ||
| 008 | 240228b |||||||| |||| 00| 0 eng d | ||
| 020 | _a9788131248850 | ||
| 082 |
_a574.192 _bSAT-B |
||
| 100 | _aSatyanarayana, U | ||
| 245 |
_aBiochemistry : _bwith biomedical concept, clinical correlates & case studies / _cU Satyanarayana , U Chakrapani |
||
| 250 | _a5th ed. | ||
| 260 |
_aIndia : _bElsevier : _c2017. |
||
| 300 |
_avi , 777 p. : _bill ; _c27 cm. |
||
| 500 | _ainclude index & appendices. | ||
| 650 | _aMedical / biochemistry | ||
| 700 | _aChakrapani . U | ||
| 999 |
_c35187 _d35187 |
||